Statistiques concernant Acteurs avec nominations aux Oscars des films de Woody Allen

Cliquez ici pour prendre le quiz!

Statistiques générales

  • Ce quiz a été pris 55 fois
  • Le résultat moyen est 5 sur 18

Statistiques - réponses

Film # Acteurs % Correct
Annie HallMeilleure actriceDiane Keaton
90%
Blue JasmineMeilleure actriceCate Blanchett
83%
Vicky Christina BarcelonaMeilleure actrice dans un second rôlePenelope Cruz
83%
Annie HallMeilleur acteurWoody Allen
69%
Accords et DésaccordsMeilleur acteurSean Penn
36%
Hannah et ses sœursMeilleur acteur dans un second rôleMichael Caine
29%
Coups de feu sur BroadwayMeilleure actrice dans un second rôleDianne Wiest
21%
Blue JasmineMeilleure actrice dans un second rôleSally Hawkins
19%
Maudite AphroditeMeilleure actrice dans un second rôleMira Sorvino
19%
Maris et FemmesMeilleure actrice dans un second rôleJudy Davis
14%
Crimes et DélitsMeilleur acteur dans un second rôleMartin Landau
10%
Coups de feu sur BroadwayMeilleure actrice dans un second rôleJennifer Tilly
7%
Coups de feu sur BroadwayMeilleur acteur dans un second rôleChazz Palminteri
5%
ManhattanMeilleure actrice dans un second rôleMariel Hemingway
5%
Accords et DésaccordsMeilleure actrice dans un second rôleSamantha Morton
5%
IntérieursMeilleure actriceGeraldine Page
5%
IntérieursMeilleure actrice dans un second rôleMaureen Stapleton
0%

Distribution des résultats

Percentile par nombre de réponses

% des personnes avec chaque résultat

Votre développement - résultats

Vous n’avez pas pris ce quiz